000
00281nam a22001337a 4500
008
181206b xxu||||| |||| 00| 0 eng d
020
_a
070573344
041
_a
eng
080
_2
4th
_a
541
100
_a
12
101
_a
KIM
245
_a
Chemistry
_c
Sienko,M.J
942
_2
udc
_c
BK
999
_c
52915
_d
52915